Puerto Limón
Saved in:
| Main Author: | |
|---|---|
| Format: | Book |
| Language: | Undetermined |
| Published: |
San José, Costa Rica
Editorial Legado
2011
|
| Edition: | 2 |
| Subjects: | |
| Tags: |
Add Tag
No Tags, Be the first to tag this record!
|
MARC
| LEADER | 00000nam a2200000Ia 4500 | ||
|---|---|---|---|
| 008 | 170316s9999 xx 000 0 und d | ||
| 040 | |a cru BVZT | ||
| 090 | |a 868 G-24pu | ||
| 100 | |a Gutiérrez Mangel, Joaquín |9 2343 | ||
| 245 | |a Puerto Limón |c / Joaquín Gutiérrez Mangel | ||
| 250 | |a 2 | ||
| 260 | |a San José, Costa Rica | ||
| 260 | |b Editorial Legado | ||
| 260 | |c 2011 | ||
| 300 | |a 204 páginas | ||
| 650 | |a LITERATURA COSTARRICENSE |9 17 | ||
| 650 | |a NOVELA |9 13 | ||
| 942 | |c 15 D |h 868 G-24pu |2 z |6 868_G24PU | ||
| 999 | |c 11147 |d 11147 | ||
